[Event "Corus"]
[Site "Wijk aan Zee"]
[Date "2007.01.26"]
[Round "11"]
[White "Svidler, Peter"]
[Black "Topalov, Veselin"]
[Result "1-0"]
[WhiteElo "2728"]
[BlackElo "2783"]
[Annotator "Ftacnik,L"]
[PlyCount "95"]
[EventDate "2007.01.13"]
[EventType "tourn"]
[EventRounds "13"]
[EventCountry "NED"]
[EventCategory "19"]
[SourceTitle "CBM 117"]
[Source "ChessBase"]
[SourceDate "2007.03.30"]
[SourceVersion "1"]
[SourceVersionDate "2007.03.30"]
[SourceQuality "1"]

1. e4 c5 2. Nf3 d6 3. d4 cxd4 4. Nxd4 Nf6 5. Nc3 a6 6. Be3 e5 7. Nb3 Be6 8. Qd2
Nbd7 9. O-O-O Be7 10. f3 h5 11. Kb1 Qc7 12. Bd3 b5 13. Bg5 {The first
independent move in the position. Svidler is hoping to exploit the vulnerable
kingside after 10...h5 move.} (13. h3 h4 14. f4 Rc8 15. Rhe1 g6 16. Qf2 Qb7 17.
Na5 Qb8 18. f5 gxf5 19. exf5 Bc4 20. Nxc4 bxc4 21. Be4 Nxe4 22. Nxe4 Nf6 23.
Qf3 {1/2 Karjakin,S-Topalov,V/Wijk aan Zee 2007 (54)}) 13... Nb6 14. f4 Rb8 $5
15. Rhe1 Nc4 {Topalov's task is clear; he has to strive for queenside
counterplay and at the same time defend the vulnerable squares d5 and d6 in
his own camp.} (15... O-O 16. f5 Bd7 17. a3 Na4 $13) 16. Bxc4 (16. Qc1 b4 $1
17. Ne2 (17. Nd5 Nxd5 18. exd5 Bxg5 19. dxe6 Bxf4 $17) 17... a5 18. f5 Bd7 19.
Bxc4 Qxc4 20. Bxf6 gxf6 21. Qe3 $13) 16... bxc4 (16... Bxc4 17. Bxf6 Bxf6 18.
Qxd6 $14) 17. Nc1 (17. Bxf6 $5 gxf6 $1 (17... Bxf6 18. f5 cxb3 (18... Bd7 19.
Nd5 Qb7 20. Nxf6+ gxf6 21. Qxd6 cxb3 22. axb3 $16) 19. fxe6 bxc2+ 20. Kxc2 O-O
21. Qxd6 Qb7 22. b3 $14)) 17... Qb7 18. b3 exf4 19. Bxf4 (19. Qxf4 $5 O-O 20.
Nd5) 19... O-O 20. Bxd6 Bxd6 {The first indication, that the Bulgarian
grandmaster plays for a win without compromises despite leading the black
pieces.} (20... Rfd8 $5 21. e5 (21. Qf4 $2 Rxd6 22. Rxd6 cxb3 23. cxb3 Qc7 24.
Red1 Ne8 $17) 21... Rbc8 $11) 21. Qxd6 Rfc8 22. Nd5 Nxd5 (22... Bxd5 23. exd5
Rd8 24. Qc6 Nxd5 25. Qxb7 Rxb7 $11) 23. exd5 Bf5 $5 {Black is pretty
consequent in refusal to eliminate the risk with the help of the d5 pawn
elimination.} (23... Rd8 $5 24. Qc6 (24. Rxe6 Rxd6 25. Rxd6 Rc8 $15) 24... Bxd5
25. Qxb7 Bxb7 26. g3 $11) 24. Rd2 Bg6 25. Re7 Qb5 26. Rc7 $2 {Svidler very
correctly sensed the danger from the opponent's active pieces. The exchange of
the rook via c7 will give Black the chance to gain the critical tempo.} (26.
Qa3 Rb6 27. d6 Rd8 $11) 26... Qa5 $1 27. Rxc8+ Rxc8 28. Re2 (28. Qf4 c3 29. Re2
Qxd5 $17) (28. Qd7 $2 Rd8 29. Qe7 Qxd2 $19) (28. b4 $2 Qa3 $1 29. Re2 Kh7 $1 (
29... c3 $6 {It nearly unbeliavable, that White would probably save the game
after the most tempting advance of the pawn to c3.} 30. Nd3 Bxd3 $140 31. cxd3
c2+ 32. Rxc2 Qxd3 33. Qc6 Rxc6 34. dxc6 Qd1+ 35. Kb2 Qd4+ 36. Kb3 $13) 30. Qe5
Qxb4+ 31. Qb2 Qd6 $19) 28... cxb3 29. axb3 (29. Nxb3 Qc3 30. Na1 Bd3 $19) 29...
Qc3 30. Qg3 Bxc2+ 31. Ka2 Bb1+ $2 {[%mdl 64] Even the best players on this
planet are not able to avoid weaker moments. Topalov was confident, that his
position is winning, but he has overlooked an unusual defence with the
transfer of the white queen to the b4 square.} (31... Qc5 $1 32. d6 Bb1+ $1 33.
Kxb1 Qxc1+ 34. Ka2 Rc5 $1 35. Qe1 Rc2+ $1 36. Rxc2 Qxe1 37. d7 Qa5+ $1 38. Kb1
Kh7 (38... Kf8 39. Rc8+ Ke7 40. d8=Q+ Qxd8 41. Rxd8 Kxd8 $19) 39. Kb2 Qd5 $19)
(31... Qb4 $5 32. Qh3 f5 33. Qe3 Be4 $17) (31... Qxg3 $6 32. hxg3 f5 $15) 32.
Kxb1 Qxc1+ 33. Ka2 Rc5 34. Qb8+ $1 Kh7 35. Qb4 $1 f5 $4 {The enormous
disappointment has manifested itself thourgh the second rate soluction. Black
was still enjoying advantage.} (35... Rxd5 $4 36. Qe4+ $18) (35... Rc2+ 36.
Rxc2 Qxc2+ 37. Ka3 $11) (35... Rb5 $1 36. Qd2 Qc5 $1 37. d6 Qd5 $15) 36. Qd2 $1
Qxd2+ (36... Kg6 37. d6 $1 Qxd2+ 38. Rxd2 Rc8 39. Ka3 $18) (36... Qf1 $5 37. d6
Ra5+ 38. Qxa5 Qxe2+ 39. Ka3 Qe6 $14) 37. Rxd2 {The sudden change of the
perspective was shocking. Suddenly Black has serious problems with the defence
of a very difficult endgame.} Kg6 38. b4 (38. d6 $5 Rc8 39. Ka3 Kf6 40. Kb4 Ke6
41. d7 Rd8 42. Ka5 Rxd7 $140 43. Rxd7 Kxd7 44. Kxa6 f4 45. Kb5 g5 46. Kc4 g4
47. Kd3 $1 (47. Kd4 $4 h4 48. Ke4 f3 49. gxf3 g3 50. hxg3 h3 $19) 47... h4 48.
Ke2 $1 Kd6 49. h3 $1 gxh3 50. gxh3 Kc5 51. Kf3 Kb4 52. Kxf4 Kxb3 53. Kg4 Kc4
54. Kxh4 Kd5 55. Kg5 Ke6 56. Kg6 $18) 38... Rc8 39. Kb3 Kf7 40. Ra2 Ra8 (40...
Rd8 $5 41. Kc4 Rc8+ 42. Kd4 Rb8 43. Kc5 (43. Rxa6 Rxb4+ 44. Ke5 Rb2 $11) 43...
Rb5+ 44. Kc4 Rb6 $14) 41. h4 f4 $6 (41... Ke7 42. Re2+ Kd7 43. Re6 $16) 42. Re2
(42. Kc4 $5) 42... Kf6 $6 {The disappointed Topalov was unable to cope with
the search for the best defence, several of his moves belonged to the second
category.} (42... Re8 43. Rxe8 Kxe8 44. Kc4 f3 45. gxf3 g5 46. hxg5 h4 47. g6
h3 48. g7 Kf7 49. d6 h2 50. g8=Q+ Kxg8 51. d7 h1=Q 52. d8=Q+ $16) (42... Rd8
43. Kc4 Rc8+ 44. Kd4 Rb8 45. Kc5 Rc8+ 46. Kb6 Rb8+ 47. Kc7 Rxb4 48. Rc2 $1 $18)
(42... Rc8 43. Re4 $1 $16) 43. Kc4 Rc8+ 44. Kd4 Rb8 $6 (44... Rc1 45. d6 Rd1+
46. Kc5 $18) 45. d6 $1 Rxb4+ 46. Kc5 Rb1 47. Rd2 Rb8 48. d7 (48. d7 Ke7 49. Kc6
Rf8 50. Kc7 $18) 1-0

[Event "Moscow Aeroflot op-A"]
[Site "Moscow"]
[Date "2007.02.21"]
[Round "8"]
[White "Akopian, Vladimir Eduardovic"]
[Black "Najer, Evgeniy"]
[Result "1-0"]
[WhiteElo "2700"]
[BlackElo "2605"]
[Annotator "Ftacnik,L"]
[PlyCount "71"]
[EventDate "2007.02.14"]
[EventType "swiss"]
[EventRounds "9"]
[EventCountry "RUS"]
[SourceTitle "CBM 117"]
[Source "ChessBase"]
[SourceDate "2007.03.30"]
[SourceVersion "1"]
[SourceVersionDate "2007.03.30"]
[SourceQuality "1"]

1. e4 c5 2. Nf3 d6 3. d4 cxd4 4. Nxd4 Nf6 5. Nc3 a6 6. Be3 e5 7. Nb3 Be6 8. f3
Be7 9. Qd2 O-O 10. O-O-O Nbd7 11. g4 Qc7 12. g5 Nh5 13. Kb1 b5 14. Nd5 Bxd5 15.
exd5 Nb6 16. Na5 Nxd5 17. Qxd5 Qxa5 18. c4 Rab8 19. Bd3 Qd8 $5 {Najer is a
very original player with independet mind. The retreat of the queen to d8 is
new, as nobody has tried to gain tempo with counterattack against the g5 pawn.}
(19... Qb4 20. Bd2 (20. Rd2 bxc4 21. Bxc4 a5 22. Ka1 Rbc8 23. Ba6 Nf4 24. Qe4
Rc7 25. h4 Rb8 26. Qxb4 Rxb4 27. a3 Rb3 28. Bxf4 exf4 29. Bd3 g6 {1/2
Fressinet,L (2619)-Kuczynski,R (2490)/Germany 2002/ (50)}) 20... Qa4 21. Rhe1
bxc4 22. Bxc4 Rbc8 23. b3 Qd7 24. Bxa6 Ra8 25. Bb5 Qa7 26. a4 Nf4 27. Bxf4 exf4
28. Qd4 Bxg5 29. Qxa7 Rxa7 30. Rxd6 Rb8 31. Red1 Kf8 32. Rd7 {1-0 Shirov,A 
(2720)-Areshchenko,A (2640)/Fuegen 2006/ (45)}) (19... Qa4 20. cxb5 axb5 21.
Rc1 Nf4 22. Bxf4 Qxf4 23. h4 Bd8 24. Qxd6 {1/2 Ponomariov,R (2673)-Sutovsky,E 
(2604)/Ohrid 2001/}) (19... g6 20. h4 Qb4 21. Bd2 Qc5 22. Qxc5 dxc5 23. Rhe1 f6
24. f4 Rbd8 25. Ba5 Rd4 26. fxe5 fxg5 27. cxb5 Nf4 28. Bf1 axb5 29. hxg5 {
1-0 Sokolov,A (2580)-King,D (2535)/Switzerland 1997/ (49)}) 20. Rhg1 (20. cxb5
axb5 21. Bxb5 Bxg5 22. Ba7 Rc8 $15) 20... bxc4 21. Bxc4 a5 22. Rc1 (22. h4 Qc8
23. Rg4 a4 $13) 22... Qd7 $5 {Another vital part of the concept, black queen
is abandonning the passive location in order to generate counterplay.} 23. Qxa5
(23. Rg4 g6 24. Ka1 Ng7 $13) 23... Qf5+ 24. Ka1 (24. Rc2 Qxf3 25. Qd2 Nf4)
24... Qxf3 25. Qd2 Nf4 26. Rgf1 (26. h4 Rfc8 27. Rgf1 Qe4 28. Bxf7+ Kxf7 29.
Bxf4 Kg8 $15) 26... Qh5 27. Bxf4 exf4 28. h4 (28. Qxf4 Bxg5 29. Qf5 Qg6 30. Rc2
Bf6 $15) 28... Qxh4 29. g6 hxg6 (29... h6 30. gxf7+ Kh8 31. Rc2 d5 32. Qxd5
Rfd8 33. Qe4 Qf6 34. Bd3 Rxd3 35. Qxd3 Qxf7 $14) 30. Rh1 Qg5 $2 {[%mdl 8192] A
tragic mistake after a very good performance. Black gueen had to go to g4 in
order to solve the problem of the open h file, that endangers the life of his
own king.} (30... Qg4 $1 31. Rcg1 (31. Rh2 Bh4 $1 32. Rch1 g5) 31... Qf5 32.
Qh2 Qh5 33. Qxf4 (33. Qf2 $2 Rxb2 $3 34. Qxb2 Qf5 35. Rd1 Bf6 36. Rd4 f3 37.
Rhd1 f2 38. a4 Re8 39. Ka2 Rc8 $17) 33... Bf6 (33... Qe5 34. Qxe5 dxe5 35. Rh2
g5 36. Rgh1 g6) 34. Qxf6 Qxh1 35. Qxf7+ Rxf7 36. Rxh1 Rb4 $15) 31. Rh2 $1 Rxb2
(31... Bf6 32. Rch1 Qh5 33. Bb3 Rb5 34. Rxh5 gxh5 35. Qxf4 $18) 32. Rch1 {
The catastrophy is complete, black si continuing by innertia..} Rxa2+ (32...
Qh5 33. Rxh5 gxh5 34. Kxb2 $18) 33. Kxa2 (33. Qxa2 Bf6+ 34. Kb1 Qf5+ 35. Kc1
$18) 33... Ra8+ 34. Kb3 Rb8+ 35. Kc2 Qf5+ 36. Qd3 1-0

[Event "WchT 8th"]
[Site "Ningbo"]
[Date "2011.07.25"]
[Round "8.2"]
[White "Smirin, Ilia"]
[Black "Nepomniachtchi, Ian"]
[Result "0-1"]
[WhiteElo "2676"]
[BlackElo "2711"]
[Annotator "Ftacnik,L"]
[PlyCount "98"]
[EventDate "2011.07.17"]
[EventType "team-tourn"]
[EventRounds "9"]
[EventCountry "CHN"]
[SourceTitle "CBM 144"]
[Source "ChessBase"]
[SourceDate "2011.09.16"]
[SourceVersion "1"]
[SourceVersionDate "2011.09.16"]
[SourceQuality "1"]
[WhiteTeam "Israel"]
[BlackTeam "Russia"]
[WhiteTeamCountry "ISR"]
[BlackTeamCountry "RUS"]

1. e4 c5 2. Nf3 d6 3. d4 cxd4 4. Nxd4 Nf6 5. Nc3 a6 6. a4 e5 7. Nf3 h6 {
Black is ready to play the necessary moves to limit his opponent's
possibilities on both flanks (a6, h6). The fight in the middlegame will centre
around the d5-square and the chance of a timely pawn advance ...d6-d5.} 8. a5
Be6 9. Be3 Nbd7 10. Be2 Ng4 $146 {Nepomniachtchi is trying to provoke the
opponent into playing h2-h3 by the unusual move of the knight.} (10... Rc8 11.
O-O (11. Nd2 d5 12. exd5 Nxd5 13. Nxd5 Bxd5 14. O-O Bc5 15. Bxc5 Nxc5 16. c4
Bc6 17. b4 Ne6 18. b5 Bd7 $11 {0-1 Escobar Forero,A (2477)-Renteria,J (2252)/
Cali 2007 (34)}) 11... Be7 12. Nd2 O-O 13. Bf3 Qc7 14. Qe2 Qc6 15. Rfd1 Rfe8
16. Nb3 Bf8 17. Rd2 Qc7 18. Qd1 Qb8 19. Ra4 Rc4 20. Rxc4 Bxc4 21. Be2 Be6 $11 {
1-0 Arencibia Rodriguez,W (2485)-Gonzalez Zamora,J (2465)/Colon 1993 (72)}) (
10... Be7 11. O-O O-O 12. h3 Qc7 13. Nd5 Nxd5 14. exd5 Bf5 15. c4 Bh7 16. Nd2
f5 17. f3 Bh4 18. b4 f4 19. Bf2 Bxf2+ 20. Rxf2 $11 {1-0 O'Donnell,T (2390)
-Gardner,R/Canada 1992 (43)}) 11. Bd2 Rc8 12. O-O Ngf6 (12... Be7 13. b4 Ngf6
14. Bd3 O-O 15. Re1 $13) 13. Re1 Be7 14. Bf1 O-O 15. h3 {Smirin is making the
desired move of his own free will; the sensible alternative was to push the
g-pawn.} (15. g3 Re8 16. Nh4 Qc7 17. Qf3 Nb8 18. Nf5 Nc6 19. Nd5 Bxd5 20. exd5
e4 $11) 15... Qc7 16. Nh4 {White can not make progress in the centre or the
queenside, but the transfer of the knight to f5 is certainly unpleasant for
the defender.} Nc5 (16... Rfd8 17. Qf3 Nc5 18. Nf5 d5 19. Nxe7+ Qxe7 20. exd5
Nxd5 21. Rad1 (21. Rxe5 Nb4 22. Qd1 Qd6 23. Bf4 Qxd1 24. Rxd1 Rxd1 25. Nxd1
Nxc2 $11) 21... Nb4 22. Rxe5 Nxc2 23. Nd5 Bxd5 24. Rxd5 Nd4 25. Rxd8+ Rxd8 26.
Qe3 $14) 17. g3 Rfd8 {Strictly speaking Black could have probably played the
central advance without preparation, but the risk involved was simply too big.}
(17... d5 $5 18. exd5 Nxd5 19. Nxd5 Bxd5 20. Bc3 (20. Bxh6 Be6 21. Be3 Bxh4 22.
gxh4 Rfd8 $44) (20. Nf5 Bf6 21. b4 Ne4 22. Bxh6 Nc3 23. Qg4 Be6 24. Bg5 Qd8 25.
Bxf6 Qxf6 26. Rxe5 g6 27. Rxe6 fxe6 28. Nh4 g5 $11) 20... Be4 21. Bg2 Bxh4 22.
Bxe4 Nxe4 23. Rxe4 Bf6 $11) 18. Qe2 (18. b4 Ncd7 19. Qf3 Nb8 20. Nd5 (20. b5 $6
d5 $17) (20. Bd3 Nc6 21. Nd5 Bxd5 22. exd5 e4 23. Bxe4 Ne5 24. Qg2 Nxe4 25.
Rxe4 Qxc2 $15) 20... Bxd5 21. exd5 Qxc2 22. Nf5 Bf8 $15) 18... d5 $1 {The
perfect timing of the central advance is worth noticing. The second player was
not able to improve his pieces any more and correctly decided to begin
activity in the centre.} 19. exd5 Nxd5 20. Nxd5 (20. Qxe5 $2 Qxe5 21. Rxe5 Nb4
$17) 20... Rxd5 21. Bg2 {The refocussing of the knight on h4 via g2 would have
been too meek, so White prefers to maximise the impact of his bishops.} (21.
Ng2 f5 (21... Rdd8 22. Bc3 f6 23. Nh4 Qc6 $15) 22. Ne3 Rd7 (22... Rdd8 23. Bg2
e4 24. Bc3 f4 $15) 23. Bg2 Rf8 $15) 21... Rdd8 22. Bc3 e4 $5 {The Russian
champion from 2010 is a very ambitious young player. His decision to sacrifice
the pawn involves very little risk and faces Smirin with some difficult
choices.} (22... f6 23. Ng6 Bd6 24. h4 Qd7 25. h5 Na4 26. Rxa4 Qxa4 27. Bxb7
$11) 23. Bxe4 (23. Qe3 Bg5 24. f4 Bxh4 25. gxh4 f5 $17) 23... Nxe4 24. Qxe4 Bc5
25. Nf5 {The desire to get rid of the miserable knight on h4 is fully
commendable, but the retreat of the queen might have been objectively stronger
.} (25. Qf3 Bd4 (25... Rd5 26. Rad1 Rg5 27. Kh2 Bd6 28. Re4 $13) 26. Bxd4 Rxd4
27. Nf5 Rd2 28. Ne3 Rcd8 29. h4 Bd7 $11) 25... Bxf5 26. Qxf5 Qxg3+ 27. Kf1 Qh2
28. Qf3 Bd4 29. Re7 $2 {Some of the choices in a chess game are of transitory
importance, others can influence the battle till the end. White is taking
enormous risks by accepting the damage to his pawn structure. With five
isolated or doubled pawns he will need serious compensation for the strategic
vulnerability.} (29. Bxd4 Rxd4 30. c3 Rd6 31. Rad1 Rf6 32. Qg2 Qc7 $15) 29...
Bxc3 30. bxc3 (30. Qxf7+ $2 Kh8 31. bxc3 Qxh3+ 32. Ke2 Qg4+ 33. Kf1 Rf8 $19)
30... Rf8 31. Rd1 (31. Ra4 Rc7 32. Rxc7 Qxc7 33. Rb4 Qxa5 34. Rxb7 Qc5 $15)
31... Rc6 32. Rd4 (32. Rxb7 $2 Rg6 33. Rdd7 Qg1+ 34. Ke2 Rf6 $19) 32... Re6 $1
{Black needs to improve the positions of his pieces, defend f7 and take over
the initiative. Success in this plan will give him every reason to fight for
the full point.} 33. Rxb7 (33. Rxe6 fxe6 34. Qe3 e5 35. Rd6 h5 $15) (33. Rdd7
Rf6 34. Qe3 Qh1+ 35. Ke2 Qb1 36. Qd3 b5 $15) 33... Rf6 34. Qg2 Qe5 35. Rg4 (35.
Rb6 Re8 36. Kg1 Qe1+ 37. Qf1 Qxc3 38. Rxf6 Re1 $17) 35... Re8 36. Rb1 (36.
Rxg7+ $2 Kh8 37. Rb1 Rfe6 $19) 36... g6 37. c4 (37. Qg3 Qxa5 $17) 37... Qxa5 {
The material on the board is equal egain, but Black has the better pawn
structure and perfectly coordinated forces.} 38. Qd5 Qa2 39. Qd1 (39. Rb3 h5
40. Qd4 hxg4 41. Qxf6 Qxc2 $19) 39... h5 (39... Qa3 40. Kg2 Qc5 41. Qd2 Rf5 42.
Kg1 h5 $17) 40. Rd4 Qa5 41. Qd3 (41. Qd2 Qf5 42. Rb3 $15) 41... Qe5 42. Kg1 (
42. Rd1 $2 Qh2 $19) 42... Qg5+ 43. Qg3 Qf5 {The most depressing aspect of
White's position is the fact that he can not hope to improve it. The only
chance would be a counterattack against the black king, but Nempomiachtchi can
easily prevent that.} (43... Qxg3+ 44. fxg3 Re2 45. Rb2 Rff2 46. Rd6 Rh2 47.
Rxa6 Reg2+ 48. Kf1 Rxg3 $17) 44. Rd2 Kh7 (44... Rfe6 45. Rd5 Qxc2 46. Qd3 Qxd3
47. Rxd3 Rc6 $17) 45. Rbd1 Rc8 (45... Qe4 $1 46. Qd3 (46. c5 Rf5 47. Qe3 Qxe3
48. fxe3 Rxe3 $19) 46... Qh4 47. Qg3 Qxc4 $17) 46. Qc3 {The last moment, when
the reistance could have been stronger with a slightly quirky queen move to h4.
} (46. Qh4 $5 Rcc6 (46... Rfc6 47. Rd5 Qxc2 48. Qf4 $15) 47. c3 Qa5 48. Rd3 Kg7
$17) 46... Qf4 47. Qd4 Qg5+ 48. Kf1 (48. Kh2 Rf4 49. Qe3 Rcxc4 50. Rd4 Rfxd4
51. Qxg5 Rxd1 $19) 48... Rf3 49. Qd5 (49. Rd3 Rf4 50. Qd5 Qh4 $19) 49... Qg3 {
The demise of the h3-pawn makes any further resistance pointless.} 0-1

[Event "EU-Cup 19th"]
[Site "Rethymno"]
[Date "2003.09.29"]
[Round "2.2"]
[White "Svidler, Peter"]
[Black "Hracek, Zbynek"]
[Result "1-0"]
[WhiteElo "2723"]
[BlackElo "2584"]
[Annotator "Ftacnik,L"]
[PlyCount "73"]
[EventDate "2003.09.28"]
[EventType "team-swiss"]
[EventRounds "7"]
[EventCountry "GRE"]
[SourceTitle "CBM 098"]
[Source "ChessBase"]
[SourceDate "2004.02.03"]
[SourceVersion "1"]
[SourceVersionDate "2004.02.03"]
[SourceQuality "1"]
[WhiteTeam "Paris NAO"]
[BlackTeam "Werder Bremen"]
[WhiteTeamCountry "FRA"]
[BlackTeamCountry "GER"]

1. e4 c5 2. Nf3 d6 3. d4 cxd4 4. Nxd4 Nf6 5. Nc3 a6 6. Be3 e5 7. Nb3 Be6 8. f3
Nbd7 9. g4 b5 10. g5 Nh5 11. Qd2 Be7 12. O-O-O O-O 13. Nd5 Bxd5 14. exd5 f5 15.
gxf6 Rxf6 16. Na5 (16. Kb1 Nf4 17. Qf2 Qc7 18. Bd3 Raf8 19. Be4 Bd8 20. Nc1 Qb7
21. Qg3 Bb6 22. Bxf4 exf4 23. Qe1 Ne5 {0-1 Vovsha,E-Pavlovic,M/Biel 2001/ (52)}
) 16... Nf4 17. Nc6 (17. Rg1 Qf8 18. Nc6 Bd8 19. Qf2 Qf7 20. Rg3 Rh6 21. Qg1
Bh4 22. Rg4 Nf6 23. Bxf4 {1/2-1/2 Ciemniak,R-Gralka,J/Lubniewice 1994/ (23)})
17... Qf8 {Black is hoping to compensate for the intruder on c6 with his own
magnificient knight on f4.} (17... Qe8 18. Re1 (18. c4 bxc4 19. Bxc4 Kh8 20.
Kb1 Bd8 21. Nxd8 Qxd8 22. Rc1 Rf7 23. Rc3 {1-0 Jaracz,P-Mrdja,M/Lido Estensi
2002/ (38)}) 18... Kf8 19. Rg1 Qf7 20. Bxf4 Rxf4 21. Bh3 Bh4 22. Re4 Rxe4 23.
fxe4 Nf6 24. Qb4 Qc7 25. Be6 g6 26. Nxe5 {1-0 Malakhov,V-Cvitan,O/Saint
Vincent 2002/ (34)}) 18. Kb1 Bd8 (18... Nb8 19. Nxe7+ Qxe7 20. Qa5 Qe8 21. Rg1
Nd7 $13) 19. Nxd8 Qxd8 (19... Rxd8 20. c4 bxc4 21. Bxc4 Nb8 $13) 20. c4 bxc4 (
20... Rb8 21. cxb5 axb5 22. Rg1 Rf7 23. Rc1 $14) 21. Bxc4 Nb6 22. Bb3 (22. Rc1
a5 23. Rhg1 a4 $13) 22... a5 23. a3 (23. a4 Nd7 24. Rc1 Rb8 $15) 23... Rf7 (
23... a4 24. Ba2 Rb8 25. Rc1 Qe8 26. Rc6 Nd7 27. Rhc1 Qh5 $13) 24. Rc1 Rb7 25.
Rc2 Qd7 $2 {Hracek is eager to generate some real counterplay, but there was
no need to sacrifice the pawn.} (25... Qf6 26. Rg1 a4 27. Ba2 $13) 26. Bxf4
exf4 27. Qxf4 Qb5 (27... Rf8 28. Qg4 Qf5 29. Qxf5 Rxf5 30. Rc3 $14) 28. Ba2 Qd3
(28... Rd8 29. Re1 $14) 29. Rhc1 (29. Qxd6 $5 Na4 (29... Kh8 30. Rhc1 Re8 31.
f4 $16) 30. Qe6+ Kh8 31. Kc1 Rf8 32. Qe4 Nxb2 33. Qxd3 Nxd3+ 34. Kd2 $16) 29...
Rd8 30. Ka1 Rf7 31. Qh4 Re8 (31... Rdf8 32. Rc6 Qb5 33. Rxd6 Na4 34. Qd4 $16)
32. Rc6 {Black simply doesn't have enough play for the missing pawn.} Qe3 33.
Qg3 (33. Bb1 g6 34. Be4 $16) 33... Rf6 (33... Qd2 34. Qxd6 Rd7 35. Qe6+ Rxe6
36. dxe6 Kf8 37. exd7 Nxd7 38. R6c2 $16) 34. Bb1 (34. Qg1 Qxg1 35. Rxg1 Nd7 36.
Ra6 $16) 34... Na4 (34... Nxd5 35. Ba2 Qd2 36. R6c2 Qd3 37. Rc8 Rxc8 38. Rxc8+
Kf7 39. Qg5 $18) 35. Rc7 (35. Qh4 Nc5 36. Qxh7+ Kf8 37. Qh8+ Kf7 38. Rc7+ $18)
35... Re7 (35... Qh6 36. Re1 $16) 36. Rc8+ Rf8 (36... Kf7 37. Bxh7 $18) 37. Qh4
$1 (37. Qh4 $1 g6 38. Qxa4 $18) 1-0

[Event "EU-ch 6th"]
[Site "Warsaw"]
[Date "2005.06.27"]
[Round "9"]
[White "Iljin, Artem"]
[Black "Dworakowska, Joanna"]
[Result "1-0"]
[WhiteElo "2484"]
[BlackElo "2383"]
[Annotator "Ftacnik,L"]
[PlyCount "51"]
[EventDate "2005.06.18"]
[EventType "swiss"]
[EventRounds "13"]
[EventCountry "POL"]
[SourceTitle "CBM 108"]
[Source "ChessBase"]
[SourceDate "2005.09.26"]
[SourceVersion "1"]
[SourceVersionDate "2005.09.26"]
[SourceQuality "1"]

1. e4 c5 2. Nf3 d6 3. d4 cxd4 4. Nxd4 Nf6 5. Nc3 a6 6. Be3 e5 7. Nb3 Be7 8. f3
Be6 9. Qd2 Nbd7 10. O-O-O O-O 11. g4 Qc7 12. Kb1 Rfb8 13. g5 Nh5 14. f4 $5 $146
{The pawn advance is new in this very position, but belongs to the well known
strategical motives in the similar lines of the English attack.} (14. Nd5 Bxd5
15. exd5 (15. Qxd5 b5 16. Nd2 Nb6 17. Qb3 Rb7 18. Be2 Rab8 19. Nf1 Nc4 20. Bc1
Nf4 21. Bxf4 exf4 22. h4 a5 {0-1 Muhren,B-Svent,S/Budva 2003/ (36)}) 15... Nf8
(15... a5 16. Nc1 Nb6 17. Rg1 g6 18. Qd3 a4 19. a3 Ra5 20. Qe4 Rc8 21. Na2 f5
22. gxf6 Nxf6 23. Rxg6+ Kh8 24. Bxb6 Nxe4 25. Bxc7 Rxc7 26. Rg1 {1-0 Pelletier,
Y-Gaule,P/Lausanne 2004/ (71)}) 16. Bh3 Ng6 17. Bg4 Ngf4 18. Nd4 Nxd5 19. Ne6
fxe6 20. Bxe6+ Kh8 21. Bxd5 {1-0 Shomoev,A-Calotescu,A/Cappelle la Grande 2003/
(47)}) 14... exf4 15. Bxf4 Nxf4 16. Qxf4 g6 $2 {[%mdl 16384] Horrible
strategical decision, black is only speeding up white's attack along the h
file.} (16... Ne5 17. Nd5 Bxd5 18. Rxd5 b5 19. h4 $14) 17. h4 $1 Bf8 18. Nd4 (
18. h5 Re8 19. Bh3 $40) 18... Bg7 19. h5 Nc5 (19... Qb6 20. Na4 $1 Qb4 21. Nxe6
fxe6 22. Bh3 Re8 23. Qxd6 $18) 20. hxg6 hxg6 (20... fxg6 21. Nxe6 Nxe6 22. Qg4
Re8 23. Nd5 Qd8 24. Bc4 Qxg5 25. Qh3 Qh5 26. Qxh5 gxh5 27. Nc7 $18) 21. Rd2 (
21. Qh2 b5 22. Nxe6 Nxe6 23. Nd5 Qd8 24. Nf6+ Bxf6 25. gxf6 Qxf6 26. Rxd6 $18)
21... Qe7 (21... Re8 22. Qh4 Qb6 23. Rdh2 Kf8 24. Nxe6+ fxe6 25. Rf2+ Ke7 26.
Qh7 Rg8 27. Rf6 $18) 22. Nf5 $5 {The position was very critical for
Dwoarakowska, but Iljin's solution is original and convincing.} gxf5 (22...
Bxf5 23. exf5 Bxc3 24. bxc3 Qe1+ 25. Kb2 Rc8 26. fxg6 Na4+ 27. Qxa4 Qxd2 28.
Rh8+ Kg7 29. Rh7+ Kg8 (29... Kxg6 30. Qe4+ Kxg5 31. Qh4+ Kf5 32. Bh3+ $18) 30.
Bc4 $18) 23. exf5 Bxf5 24. Qxf5 Bxc3 (24... Qe6 25. Qh7+ Kf8 26. Bd3 Bxc3 27.
bxc3 Nxd3 28. cxd3 Ke7 29. Rf1 Rf8 (29... Rh8 30. Rxf7+ Qxf7 31. Re2+ $18) 30.
Qh1 $18) 25. Bc4 $1 {The key move of the combination, white will be able to
brak through the light squares.} Bxd2 $2 (25... Bg7 26. Rdh2 $1 Qe8 (26... Ne6
27. Rh8+ Bxh8 28. Qh7+ $18) 27. Rh7 Nd7 28. Rxg7+ Kxg7 29. Rh7+ $18) 26. Qh7+
1-0